<?xml version="1.0" encoding="UTF-8"?>
<marc:record xmlns:marc="http://www.loc.gov/MARC21/slim">
   <marc:leader>00000nam a2200000 a 4500</marc:leader>
   <marc:datafield ind1="0" ind2="0" tag="245">
      <marc:subfield code="a">Die Schule der magischen Tiere</marc:subfield>
   </marc:datafield>
   <marc:datafield ind1=" " ind2="1" tag="264">
      <marc:subfield code="a">Stuttgart</marc:subfield>
      <marc:subfield code="b">Kosmos</marc:subfield>
   </marc:datafield>
   <marc:datafield ind1="1" ind2=" " tag="520">
      <marc:subfield code="a">Bei diesem Brettspiel geht´s rasant zu! Wer in den Bus von Mister Morrison einsteigen möchte, muss sich beeilen! Zeki das Stachelschwein, Polly der Flamingo, William das Känguru und Madonna das Meerschweinchen freuen sich schon darauf, bald ihre Schulkinder kennenzulernen und rennen los. Doch bevor die Fahrt beginnen kann, müssen sie noch an Eisbär Murphy, Leander dem Leoparden und vielen anderen Tieren vorbei. In dem turbulenten Kinderspiel ab 7 Jahren beginnen alle Spieler gleichzeitig, ihre Karten nach Wegkarten zu durchsuchen und wie bei Domino anzulegen. Die richtige Karte ist nicht dabei? Dann wird im Stapel weitergesucht. Die Runde ist dann beendet, sobald ein Tier mit acht Karten im Bus sitzt. Ein rasanter Spielspaß mit den Figuren aus "Die Schule der magischen Tiere" und ein tolles Geburtstagsgeschenk!</marc:subfield>
   </marc:datafield>
   <marc:datafield ind1="3" ind2=" " tag="024">
      <marc:subfield code="a">4002051681005</marc:subfield>
   </marc:datafield>
</marc:record>
